000 00263nam a22001217a 4500
003 SGT
082 _a364.36
_bSHA
100 _aSHARMA PRABHAT
245 _aJUVENILE JUSTICE BALANCING SOCIETY AND CHILDS NEEDS
260 _c2016
300 _a99
942 _2ddc
_cTH
999 _c17931
_d17931